Mathematical methods in engineering : an introduction to the mathematical treatment of engineering problems /
Guardado en:
| Autor Principal: | |
|---|---|
| Otros Autores: | |
| Formato: | Libro |
| Idioma: | English |
| Publicado: |
New York :
McGraw-Hill,
1940.
|
| Etiquetas: |
Agregar Etiqueta
Sin Etiquetas, Sea el primero en etiquetar este registro!
|
| LEADER | 00590nam a22001575a 4500 | ||
|---|---|---|---|
| 001 | MAT.inmabb000343 | ||
| 008 | 031211s1940####nyu###########001#0#eng#d | ||
| 005 | 20110301113431.0 | ||
| 245 | 1 | 0 | |a Mathematical methods in engineering : |b an introduction to the mathematical treatment of engineering problems / |c by Theodore v. Kármán and Maurice A. Biot. |
| 260 | |a New York : |b McGraw-Hill, |c 1940. | ||
| 300 | |a xii, 505 p. ; |c 24 cm. | ||
| 510 | 4 | |a MR, |c 2,77g | |
| 100 | 1 | |a Von Kármán, Theodore, |d 1881-1963. | |
| 700 | 1 | |a Biot, Maurice A. | |
| 084 | |a 00A69 |2 msc2000 | ||
| 859 | |h 00A69 |i V947 |p A-78 |b BIB. MATEMATICA | ||
